Online
Catalog

Premio de ensayo Pedro Francisco Bonó / (Record no. 43021)

MARC details
000 -CABECERA
campo de control de longitud fija 01816nam a2200361 a 4500
001 - NÚMERO DE CONTROL
campo de control 000043532
003 - IDENTIFICADOR DEL NÚMERO DE CONTROL
campo de control DO-SdBNP
005 - FECHA Y HORA DE LA ÚLTIMA TRANSACCIÓN
campo de control 20260428073714.0
007 - CAMPO FIJO DE DESCRIPCIÓN FÍSICA--INFORMACIÓN GENERAL
campo de control de longitud fija ta
008 - DATOS DE LONGITUD FIJA--INFORMACIÓN GENERAL
campo de control de longitud fija 140324s2010 dr 000 e spa d
020 ## - NÚMERO INTERNACIONAL ESTÁNDAR DEL LIBRO
Número Internacional Estándar del Libro 9789945412406
040 ## - FUENTE DE LA CATALOGACIÓN
Centro catalogador/agencia de origen DO-SdBNP
Lengua de catalogación spa
Centro/agencia transcriptor BNPHU
082 #4 - NÚMERO DE LA CLASIFICACIÓN DECIMAL DEWEY
Número de clasificación RD864.44
Número de documento/Ítem P925p, 2009
Número de edición 22
111 2# - ENTRADA PRINCIPAL--NOMBRE DE CONGRESO/REUNIÓN
Nombre de congreso/reunión o jurisdicción como elemento de entrada Premios Funglode /GFDD Ensayo
Fecha del congreso/reunión (2009 :
Sede del congreso/Lugar de la reunión Santo Domingo)
9 (RLIN) 71294
245 10 - MENCIÓN DE TÍTULO
Título Premio de ensayo Pedro Francisco Bonó /
Mención de responsabilidad, etc. Manuel Moisés Montás Betances , Edynson Alarcón, Rafael Brea López
250 ## - MENCIÓN DE EDICIÓN
Mención de edición 4a. ed.
260 ## - PUBLICACIÓN, DISTRIBUCIÓN, ETC.
Lugar de publicación, distribución, etc. Santo Domingo :
Nombre del editor, distribuidor, etc. FUNGLODE,
Fecha de publicación, distribución, etc. 2010.
300 ## - DESCRIPCIÓN FÍSICA
Extensión 193 p. ;
Dimensiones 26 cm.
490 ## - MENCIÓN DE SERIE
Mención de serie Premios FUNGLODE /GFDD 2009;
-- Ensayo
505 0# - NOTA DE CONTENIDO CON FORMATO
Nota de contenido con formato Primer lugar--
Título La actividad empresarial en los últimos años del período colonial dominicano (1764-1822) /
Mención de responsabilidad Manuel Moisés Montás Vetances
Información miscelánea Segundo Lugar
Título La sociedad Bucanera : un acontecimiento único e irrepetible en la historia del Caribe /
Mención de responsabilidad Edysón Alarcón
Información miscelánea Tercer lugar
Título Arte dominicano : Vibraciones de la historia /
Mención de responsabilidad Rafael Brea López.
590 ## - NOTA LOCAL (RLIN)
Nota local Inventariado, 2020/VM
650 #0 - PUNTO DE ACCESO ADICIONAL DE MATERIA--TÉRMINO DE MATERIA
Término de materia o nombre geográfico como elemento de entrada Ensayos dominicanos
9 (RLIN) 65
650 #0 - PUNTO DE ACCESO ADICIONAL DE MATERIA--TÉRMINO DE MATERIA
Término de materia o nombre geográfico como elemento de entrada Literatura dominicana.
9 (RLIN) 67
650 #0 - PUNTO DE ACCESO ADICIONAL DE MATERIA--TÉRMINO DE MATERIA
Término de materia o nombre geográfico como elemento de entrada Premios literarios
9 (RLIN) 1542
650 #4 - PUNTO DE ACCESO ADICIONAL DE MATERIA--TÉRMINO DE MATERIA
Término de materia o nombre geográfico como elemento de entrada Certámenes literarios
9 (RLIN) 1541
700 1# - PUNTO DE ACCESO ADICIONAL--NOMBRE DE PERSONA
Nombre de persona Montás Betances, Manuel Moisés
Título de la obra La actividad empresarial en los últimos años del período colonial dominicano (1764-1822)
9 (RLIN) 71295
700 1# - PUNTO DE ACCESO ADICIONAL--NOMBRE DE PERSONA
Nombre de persona Brea López, Rafael
Título de la obra Arte dominicano : vibraciones de la historia
9 (RLIN) 71296
700 1# - PUNTO DE ACCESO ADICIONAL--NOMBRE DE PERSONA
Nombre de persona Alarcón, Edysón
Título de la obra La sociedad bucanera : un acontecimiento único e irrepetible en la historia del Caribe
9 (RLIN) 71297
710 2# - PUNTO DE ACCESO ADICIONAL--NOMBRE DE ENTIDAD CORPORATIVA
Nombre de entidad corporativa o nombre de jurisdicción como elemento de entrada Fundación Global Democracía y Desarrollo
9 (RLIN) 25477
830 #0 - PUNTO DE ACCESO ADICIONAL DE SERIE-TÍTULO UNIFORME
Título uniforme Premios FUNGLODE - GFDD 2009
Nombre de parte o sección de la obra Ensayo
9 (RLIN) 71298
910 ## - DATOS DE OPCIÓN DEL USUARIO (OCLC)
Datos de opción del usuario Validado. Control de calidad MFF
942 ## - ELEMENTOS DE PUNTO DE ACCESO ADICIONAL (KOHA)
Fuente del sistema de clasificación o colocación Dewey Decimal Classification
Tipo de ítem Koha Libro
Holdings
Estado de retiro Estado de pérdida Fuente del sistema de clasificación o colocación Restricciones de uso No para préstamo Código de colección Localización permanente Ubicación/localización actual Ubicación en estantería Fecha de adquisición Total de préstamos Signatura topográfica completa Código de barras Fecha visto por última vez Número de copia Precio válido a partir de Tipo de ítem Koha Fuente de adquisición
    Dewey Decimal Classification Préstamo en sala   Dominicana de Servicio Biblioteca Nacional Pedro Henríquez Ureña Biblioteca Nacional Pedro Henríquez Ureña Depósito 24.03.2014   BNPHU DS RD864.44 P925p 2009 43532-30 25.06.2020 v.2, e.3 25.06.2020 Libro  
    Dewey Decimal Classification Préstamo restringido   Patrimonio Dominicano Biblioteca Nacional Pedro Henríquez Ureña Biblioteca Nacional Pedro Henríquez Ureña Depósito 24.03.2014   BNPHU PD RD864.44 P925p, 2009 43532-10 25.06.2020 v.2 25.06.2020 Libro  
    Dewey Decimal Classification Préstamo restringido   Patrimonio Dominicano Biblioteca Nacional Pedro Henríquez Ureña Biblioteca Nacional Pedro Henríquez Ureña Depósito 24.03.2014   BNPHU PD RD864.44 P925p 2009 43532-20 25.06.2020 v.2, e.2 25.06.2020 Libro  
    Dewey Decimal Classification Préstamo en sala   Dominicana de Servicio Biblioteca Nacional Pedro Henríquez Ureña Biblioteca Nacional Pedro Henríquez Ureña Depósito 30.03.2022   BNPHU DS RD864.44 P925p, 2009 2022-1024 30.03.2022 v. 2, e.4 30.03.2022 Libros y folletos Donación

Powered by Koha